000 00635nam a2200253Ia 4500
003 OSt
005 20220912151939.0
006 a|||||r|||| 00| 0
007 ta
008 220909b |||||||| |||| 00| 0 eng d
024 _a64193
037 _cTextual
040 _aCSL
_beng
_cCSL
041 _aeng
082 _aE:J3:L:573, G7 CS
100 _aSherman Henry C
245 0 _aChemistry of food and nutrition
250 _a5
260 _c1937
300 _ap.
_ccm.
650 _aChemistry
942 _hE:J3:L:573, G7 CS
_cTEXL
_2CC
999 _c77725
_d77725